000 00684nam a2200289Ia 4500
005 20260324124152.0
008 008 260324s9999 xx 000 0 eng d
020 _a9781315124483
037 _aEBOOK
040 _aCRL
040 _beng
040 _cCRL
041 _2eng
041 _aeng
084 _qCRL
100 _aMin Liu
_91173114
245 0 _aMigration, Prostitution and Human Trafficking
245 4 _bThe Voice of Chinese Women
260 _bTaylor and Francis
260 _c2011
365 _a
365 _b230
856 _uhttp://www.taylorfrancis.com/books/9781315124483
942 _cEBOOK
999 _c1767275
_d1767275